000 01628cam a2200301 i 4500
999 _c9933
_d9933
001 1088529890
003 OCoLC
005 20241126110721.0
008 190206t20192019miua b 001 0 eng
010 _a2019005913
020 _a9780801095597
_q(hardcover)
020 _a080109559X
_q(hardcover)
035 _a(OCoLC)1088529890
040 _aDLC
_beng
_erda
_cDLC
_dOCLCO
_dOCLCF
_dOCLCQ
_dYDX
_dBBW
_dOCLCQ
_dKAT
_dLNT
042 _apcc
082 _a268
_bCHR
092 _a268
_bC553
245 0 0 _aChristian education :
_ba guide to the foundations of ministry /
_cedited by Freddy Cardoza
264 1 _aGrand Rapids, Michigan :
_bBaker Academic a Division of Baker Publishing Group,
_c[2019]
264 4 _c℗♭2019
300 _axv, 381 pages :
_billustrations ;
_c25 cm
504 _aIncludes bibliographical references and index
520 _aThis introductory textbook solidly situates Christian education in the church and ministry context of the 21st century. With over 20 years of ministry, teaching, and leadership experience, Freddy Cardoza is uniquely qualified to bring together a wide range of Christian educators. This volume features the expertise of 25 evangelical scholars of Christian education, including diverse, next-generation voices in the field. It provides balanced biblical-theological and practical perspectives for church and parachurch leaders, equipping them to meet the ever-changing needs of our world. --
_cProvided by publisher
650 0 _aEducation (Christian theology)
_96412
650 0 _aChristian education
_93220
700 1 _aCardoza, Freddy,
_eeditor
_917264
942 _2ddc
_cBK
_09